00730 2200253 4500001002100000005001700021008004100038020001800079035002400097082001000121090002200131100001700153245010500170250001100275260003800286300001900324500003000343650002400373700002000397850001600417980001500433985000600448999002200454YOGYA-0209000006855920090227092056.0 ind  a979-222-212-X 0010-020900000068559 a650.1 a650.1bSuh RlDEP aSUHARTONO, R aResign no waybrahasia sukses dan bertahan ditempat kerjacR. Suhartono ; penyunting, Windy Afiyanti aCet. 1 aYogyakartabMedia Pressindoc2007 a156 hlmc18 cm aBibiografi : hlm. 153-154 aSukses dalam bisnis aAfiyanti, Windy aYOPDYOG (M) a11-02-2008 a1 aCB-D.11 2007-757h